Zásady a metódy vedenia účtovníctva príspevkovej organizácie

Obsahové vymedzenie účtovníctva podľa zákona č. 431/2002. Pojem účtovníctvo. Vecný obsah účtovníctva. Účtovné zásady a účtovné metódy vedenia účtovníctva príspevkových organizácii.

Saved in:
Bibliographic Details
Main Author: Fabian, Štefan
Format: Book Chapter
Language:Slovak
Subjects:
Tags: Add Tag
No Tags, Be the first to tag this record!

MARC

LEADER 00000naa a2200000 4500
001 0133977
005 20231204100853.6
041 0 |a slo 
044 |a SK 
245 1 0 |a Zásady a metódy vedenia účtovníctva príspevkovej organizácie  |c Štefan Fabian 
520 |a Obsahové vymedzenie účtovníctva podľa zákona č. 431/2002. Pojem účtovníctvo. Vecný obsah účtovníctva. Účtovné zásady a účtovné metódy vedenia účtovníctva príspevkových organizácii. 
610 2 0 |a organizácie príspevkové 
610 2 0 |a metódy účtovné 
610 2 0 |a správa verejná 
610 2 0 |a vedenie účtovníctva 
100 1 |a Fabian, Štefan